MAKING SENSE ILLNESS: TH SOCIAL PSYCHOLOGY (Record no. 15944)

MARC details
000 -LEADER
fixed length control field 00330nam a22001457a 4500
003 - CONTROL NUMBER IDENTIFIER
control field SGT
020 ## - INTERNATIONAL STANDARD BOOK NUMBER
International Standard Book Number 978-0-8039-8909-2
082 ## - DEWEY DECIMAL CLASSIFICATION NUMBER
Classification number 616.89
Item number M04R
100 ## - MAIN ENTRY--PERSONAL NAME
Personal name RADLEY, ALAN
245 ## - TITLE STATEMENT
Title MAKING SENSE ILLNESS: TH SOCIAL PSYCHOLOGY
260 ## - PUBLICATION, DISTRIBUTION, ETC. (IMPRINT)
Place of publication, distribution, etc INDIA
Name of publisher, distributor, etc SAGE
Year of Publication 2004
300 ## - PAGE DESCRIPTION
No. of Pages 232
650 ## - SUBJECT ADDED ENTRY--TOPICAL TERM
Topical term or geographic name as entry element PSYCHOLOGY
942 ## - ADDED ENTRY ELEMENTS (KOHA)
Source of classification or shelving scheme Dewey Decimal Classification
Koha item type Books
Holdings
Withdrawn status Lost status Source of classification or shelving scheme Damaged status Not for loan Collection code Home library Current library Shelving location Date acquired Vendor Name SGTU Bill Number Total Checkouts Full call number Accession No. (Barcode) Date last seen Bill Date Koha item type
    Dewey Decimal Classification   Not For Loan MEDICAL SGT Medical Library SGT Medical Library Reference Book 01/09/2018 ABC SGTU 9913   616.89 M04R FM10978 01/09/2018 13/07/2018 Books